Statistics for Last Championship in Every State

Click here to take the quiz!

General Stats

  • This quiz has been taken 24 times
    (9 since last reset)
  • The average score is 14 of 22

Answer Stats

Answer% Correct
Arizona Diamondbacks
86%
Chicago Cubs
71%
Cleveland Cavaliers
71%
Denver Broncos
71%
Indiana Colts
71%
Los Angeles Rams
71%
Milwaukee Bucks
71%
Minnesota Twins
71%
New England Patriots
71%
New Orleans Saints
71%
Portland Trailblazers
71%
Seattle Seahawks
71%
Atlanta Braves
57%
Carolina Hurricanes
57%
Detroit Red Wings
57%
Houston Astros
57%
New Jersey Devils
57%
New York Giants
57%
St. Louis Blues
57%
Tampa Bay Lightning
57%
Washington Nationals
57%
Pittsburgh Penguins
43%

Score Distribution

Percentile by Number Answered

Percent of People with Each Score

Your Score History

You have not taken this quiz since the last reset